Polytechnic applied mechanics / (Record no. 11055)
[ view plain ]
| 000 -LEADER | |
|---|---|
| fixed length control field | 00433cam a2200181ua 4500 |
| 041 ## - LANGUAGE CODE | |
| Language code of text/sound track or separate title | eng |
| 082 ## - DEWEY DECIMAL CLASSIFICATION NUMBER | |
| Classification number | 620.1 |
| Item number | JEM/PO |
| 100 ## - MAIN ENTRY--AUTHOR NAME | |
| Personal name | Jemni, R K . |
| 245 ## - TITLE STATEMENT | |
| Title | Polytechnic applied mechanics / |
| 260 ## - PUBLICATION, DISTRIBUTION, ETC. (IMPRINT) | |
| Place of publication | : |
| Name of publisher | Saran prakashan mandir , |
| Year of publication | 1967. |
| 300 ## - PHYSICAL DESCRIPTION | |
| Number of Pages | 295 ; . |
| 700 1# - ADDED ENTRY--PERSONAL NAME | |
| Personal name | Kumar, S . |
| 942 ## - ADDED ENTRY ELEMENTS (KOHA) | |
| Koha item type | Books |
| Withdrawn status | Lost status | Damaged status | Home library | Current library | Date acquired | Full call number | Accession Number | Koha item type |
|---|---|---|---|---|---|---|---|---|
| KAUAET | KAUAET | 07/04/2012 | 620.1 | 9165 | Books |
